| 000 | 01770cam a22004457a 4500 | ||
|---|---|---|---|
| 003 | CHAP | ||
| 005 | 20220329135425.0 | ||
| 008 | 971013s1981 mx a r 00010 spa d | ||
| 010 | _a36218 | ||
| 011 | _a37190 | ||
| 020 | _a9682411106 | ||
| 035 | _a41309 | ||
| 040 | _cCHAP | ||
| 082 | 0 | 4 |
_a664.9029 _bP3 |
| 100 | 0 | 0 |
_aPaltrinieri, Gaetano. _985035 |
| 245 | 1 | 0 |
_aObtención de carne _cGaetano Paltrinieri |
| 260 |
_aMéxico : _bTrillas, _c1981 |
||
| 300 |
_a96 p. _b: ilus. |
||
| 490 |
_aManuales para educación agropecuaria. _pIndustrias rurales |
||
| 500 | _ac.5 reimp. de 1978 | ||
| 590 |
_aBATCH-UPD _b10 _c20130110 _lUCH01 _h0125 |
||
| 590 |
_aBATCH-UPD _b10 _c20130110 _lUCH01 _h1342 |
||
| 590 |
_aBATCH-UPD _b10 _c20130409 _lUCH01 _h2120 |
||
| 590 |
_aBATCH-UPD _b10 _c20130914 _lUCH01 _h0846 |
||
| 590 |
_aCONVERSION _b10 _c20130109 _lUCH01 _h1320 |
||
| 650 | 1 | 4 |
_aCarne _xCortes. _919076 |
| 650 | 1 | 4 |
_aConejos _xMatanza. _926370 |
| 650 | 1 | 4 |
_aGanado porcino _xMatanza. _945380 |
| 650 | 1 | 4 |
_aMataderos. _972885 |
| 710 | 0 |
_aMéxico. Dirección General de Educación Tecnológica Agropecuaria. _976981 |
|
| 830 |
_aManuales para educación agropecuaria. _pIndustrias rurales _970690 |
||
| 901 | _aBK | ||
| 942 | _cLIBRO | ||
| 949 |
_a664.9029 P3 _bBC _cLIBRO _d33724000131470 _eLIBRO _fc.3 _h58057 _i41309 _si _t75.00 |
||
| 949 |
_a664.9029 P3 _bBC _cLIBRO _d33724000131488 _eLIBRO _h58055 _i41309 _si _t75.00 |
||
| 949 |
_a664.9029 P3 _bBC _cLIBRO _d33724000131496 _eLIBRO _fc.4 _h58058 _i41309 _si _t75.00 |
||
| 949 |
_a664.9029 P3 _bBC _cLIBRO _d33724000131504 _eLIBRO _fc.2 _h58056 _i41309 _si _t75.00 |
||
| 949 |
_a664.9029 P3 _bBC _cLIBRO _d33724000873956 _eLIBRO _fc.6 _gdonaciØn _h103353 _i41309 _si |
||
| 949 |
_a664.9029 P3 _bBC _cLIBRO _d33724000881900 _eLIBRO _fc.5 _h86975 _i41309 _si _t75.00 |
||
| 999 |
_c36218 _d36218 |
||